00609nam a2200229 a 4500001001300000003000900013005001700022008004100039020000800080082001300088245003400101260002200135300000900157500003500166505001000201650001300211710003400224902000800258942000700266952009100273999001500364nice12345678IN_TiNIC20260116011841.0050524s1949 dela grp 000 0 eng  ac100a230bMEM aDo You Know What You Believe? aDelhibSpckc1949 a174p aincludes index and biblioraphy2 aIndex aTheology2 aMember of the Church of India bSRS cBK 00104070aHMIbHMId2007-06-25g1.00l0o230 MEMp8512r2007-06-25w2026-01-16yARB c4442d4442